000 00703cab a2200217 4500
001 WB2815-15
008 090401t1992 xxu||||| |||| 00| 0 eng d
035 _a(Sirsi) u73151
041 _aeng
245 _aSurvey`s spectre of firms fleeing south
260 _c1992
350 _a0
490 _aGlasgow Herald
_v2 April 1992, 1
490 _aScotsman
_v3 April 1992, 6(1)
520 _aTwo reports on the likely economic impact of Scottish devolution or secession give gloomy predictions of budget deficits, reduced public spending, job losses and company relocations.
650 _aINDEPENDENCE
650 _aSCOTLAND
690 _aECONOMIC AND SOCIAL
942 _n0
948 _c04/03/1997
999 _c46262
_d46262